Giáo trình giao dịch và thanh toán thương mại quốc tế

Sách cung cấp những kiến thức cơ bản về lý luận và phương pháp luận về giao dịch, hợp đồng, thanh toán và tín dụng trong hoạt động kinh doanh xuất nhập khẩu

Shranjeno v:
Bibliografske podrobnosti
Glavni avtor: Nguyễn Duy Bột
Format: Knjiga
Jezik:Undetermined
Izdano: Hà Nội Trường ĐH Kinh Tế Quốc Dân 1998
Teme:
Oznake: Označite
Brez oznak, prvi označite!
Thư viện lưu trữ: Trung tâm Học liệu Trường Đại học Cần Thơ
LEADER 00907nam a2200205Ia 4500
001 CTU_27389
008 210402s9999 xx 000 0 und d
020 |b 24.000đ 
082 |a 382 
082 |b B458 
100 |a Nguyễn Duy Bột 
245 0 |a Giáo trình giao dịch và thanh toán thương mại quốc tế 
245 0 |c Nguyễn Duy Bột 
260 |a Hà Nội 
260 |b Trường ĐH Kinh Tế Quốc Dân 
260 |c 1998 
520 |a Sách cung cấp những kiến thức cơ bản về lý luận và phương pháp luận về giao dịch, hợp đồng, thanh toán và tín dụng trong hoạt động kinh doanh xuất nhập khẩu 
650 |a commercial policy,international economic relations,international trade 
904 |i Minh, 981218 
980 |a Trung tâm Học liệu Trường Đại học Cần Thơ